000
00259nam a22001097a 4500
082
_a
604.2 PAL'I
100
_a
PAULL, JAMES H
_9
58064
245
_a
INDUSTRIAL SHEET METAL DRAWING
260
_a
NEWJERSCY
_b
D. VAN NOSTRAND
_c
1938
300
_a
153P
942
_c
BK
999
_c
568282
_d
568282